000
00287nam a2200121Ia 4500
008
221030s9999 xx 000 0 und d
041
_a
English
100
_a
S. C Sharma
245
0
_a
Engineering graphics with autocad- 2000
_c
by S. C Sharma
260
_c
0
650
_a
B
942
_c
BK
999
_c
16032
_d
16032